000 00763nam a2200217Ia 4500
005 20241129105856.0
008 241129s9999||||xx |||||||||||||| ||und||
020 _a978-93-87537-46-0
037 _aTB
040 _aARTS
_bhin
_cARTS
041 _ahin
_2hin
084 _aU8.245 152R1
_qARTS
100 _aअग्रवाल, रोहित, ले.
245 0 _aदेवभूमि हिमाचल पर्यटन
_cअग्रवाल, रोहित, ले.
260 _aनई दिल्ली, भारत
_bक्रिसेन्ट पब्लिशिंग
_c2023
300 _a203पृ0
365 _aINR
_b795
650 _aGeographyTravel
_9726204
942 _cTB
_hU8.245 152R1
999 _c1226393
_d1226393